Fenwick Elliott Annual review 2015-2016 (Record no. 115524)

MARC details
000 -LEADER
fixed length control field 01804cam a22002535a 4500
001 - CONTROL NUMBER
control field L158824
008 - FIXED-LENGTH DATA ELEMENTS--GENERAL INFORMATION
fixed length control field 101115s2015 xxk f 000 0 eng d
035 ## - SYSTEM CONTROL NUMBER
System control number (Sirsi) u158824
041 0# - LANGUAGE CODE
Language code of text/sound track or separate title eng
050 04 - LIBRARY OF CONGRESS CALL NUMBER
Classification number 692.8 $2 18
110 2# - MAIN ENTRY--CORPORATE NAME
Corporate name or jurisdiction name as entry element Fenwick Elliott
9 (RLIN) 5892
245 00 - TITLE STATEMENT
Title Fenwick Elliott Annual review 2015-2016
Medium [electronic resouce]
250 ## - EDITION STATEMENT
Edition statement 19th ed.
260 ## - PUBLICATION, DISTRIBUTION, ETC.
Place of publication, distribution, etc. London
Name of publisher, distributor, etc. Fenwick Elliott
Date of publication, distribution, etc. [2015]
300 ## - PHYSICAL DESCRIPTION
Extent 52p. $3 0cm.
505 2# - FORMATTED CONTENTS NOTE
Formatted contents note First word -- In this issue -- First Supreme Court decision on construction adjudication -- Payment provisions in construction contracts -- The future is nuclear? -- Fitness for purpose -- Descoping in construction contracts in the UAE -- Time bars in an international context -- Termination by the contractor -- The Court of Appeal in Persero II: how to enforce ?binding but non-final? -- Dispute Board decisions under the FIDIC form of contract -- Unforeseeable ground conditions and proceeding regularly and diligently: the Obrascon case reaches the Court of Appeal -- The SCL Protocol: time for change? -- BIM: developments in 2015 -- Health and safety: the new CDM Regulations and misconceptions concerning the new role of principal designer -- Exclusion and limitation clauses in construction contracts ? recent developments -- eDisclosure and harvesting the documents in construction cases -- Case law update: Adjudication: Cases from Dispatch -- Other cases: Construction Industry Law Letter
520 ## - SUMMARY, ETC.
Summary, etc. Provides a summary of recent developments in construction and law.
590 ## - LOCAL NOTE (RLIN)
Local note KA
651 #4 - SUBJECT ADDED ENTRY--GEOGRAPHIC NAME
Geographic name England and Wales
Chronological subdivision 1543-
690 ## - LOCAL SUBJECT ADDED ENTRY--TOPICAL TERM (OCLC, RLIN)
Topical term or geographic name as entry element BUILT ENVIRONMENT
700 1# - ADDED ENTRY--PERSONAL NAME
Personal name Glover, Jeremy
Relator term Editor
856 48 - ELECTRONIC LOCATION AND ACCESS
Uniform Resource Identifier <a href="https://www.fenwickelliott.com/research-insight/annual-review/2015">https://www.fenwickelliott.com/research-insight/annual-review/2015</a>
Public note View the review at www.fenwickelliott.com
942 ## - ADDED ENTRY ELEMENTS (KOHA)
Suppress in OPAC 0
Holdings
Withdrawn status Lost status Source of classification or shelving scheme Damaged status Not for loan Home library Current library Shelving location Date acquired Total Checkouts Full call number Barcode Date last seen Copy number Price effective from Koha item type
    Dewey Decimal Classification     Virtual Virtual Online 31/07/2015   ONLINE PUBLICATION 158824-2001 06/08/2019 1 06/08/2019 Book